[Event "Master Tournament (MTO)"]
[Site "Biel/Bienne"]
[Date "2018.07.23"]
[Round "1.1"]
[White "Eljanov, Pavel"]
[Black "Mamedjarova, Turkan"]
[Result "*"]
[WhiteElo "2706"]
[BlackElo "2309"]
[Annotator "Domenique, Sarah"]
[PlyCount "43"]
[EventDate "2018.07.23"]

1. Nf3 {Partieformular unlesbar} d5 2. g3 Nf6 3. Bg2 c6 4. O-O Bg4 5. h3 Bf5 6.
d4 e6 7. c4 Bd6 8. Nc3 O-O 9. b3 (9. Qb3 Bf4 10. Bxf4 b6 11. e4 dxe4 12. Nxe4
Nxe4 13. a4 Qc7 14. Qb4 a5 {Mögliche Zugfolge, jedoch nicht weiter
nachvollziehbar}) 9... Bf4 10. Bxf4 b6 11. e4 dxe4 12. Nxe4 Nxe4 13. b4 (13. a4
Qc7) 13... Qe7 14. Qa4 a5 15. Nh2 Nd6 16. Be3 Nd7 17. Rac1 Rfb8 18. Rfd1 Nf8
19. Rc3 c5 20. a3 cxd4 21. Rxd4 e5 22. b5 *

[Event "Master Tournament (MTO)"]
[Site "Biel/Bienne"]
[Date "2018.07.23"]
[Round "1.2"]
[White "Pranav, Anand"]
[Black "Iturrizaga Bonelli, Eduardo"]
[Result "0-1"]
[WhiteElo "2305"]
[BlackElo "2652"]
[PlyCount "76"]
[EventDate "2018.07.23"]

1. d4 Nf6 2. c4 e6 3. Nc3 Bb4 4. e3 O-O 5. Nge2 d5 6. a3 Be7 7. g3 dxc4 8. Bg2
c6 9. O-O Nbd7 10. f4 c5 11. b3 cxb3 12. Qxb3 Rb8 13. a4 b6 14. Nb5 a6 15. Na7
Bb7 16. Bxb7 Rxb7 17. Nc6 Qe8 18. Ba3 Bd6 19. Na5 Rb8 20. Nc4 Be7 21. Nc3 Nd5
22. Ne4 f5 23. Ned6 Qd8 24. Rab1 Bxd6 25. Nxd6 Qc7 26. e4 Qxd6 27. exd5 exd5
28. Rfd1 Qc6 29. a5 c4 30. Qc2 Rfe8 31. Qxf5 bxa5 32. Rxb8 Nxb8 33. Bc5 Nd7 34.
Kf1 g6 35. Qg5 Nxc5 36. dxc5 d4 37. Kf2 Qe4 38. Rf1 c3 0-1

[Event "Master Tournament (MTO)"]
[Site "Biel/Bienne"]
[Date "2018.07.23"]
[Round "1.3"]
[White "Salem, A.R. Saleh"]
[Black "Donchenko, Anatoly"]
[Result "1-0"]
[WhiteElo "2642"]
[BlackElo "2301"]
[PlyCount "67"]
[EventDate "2018.07.23"]

1. d4 d5 2. c4 dxc4 3. Nf3 a6 4. e4 b5 5. a4 Bb7 6. Nc3 e6 7. axb5 axb5 8. Rxa8
Bxa8 9. Nxb5 Bxe4 10. Bxc4 Bb4+ 11. Nc3 Bxf3 12. Qa4+ Nc6 13. gxf3 Nge7 14. Bb5
O-O 15. Bxc6 Qxd4 16. O-O Bxc3 17. bxc3 Qxc3 18. Bb7 Rd8 19. Bg5 Qc5 20. Be3
Qd6 21. Be4 f5 22. Bc2 Nd5 23. Re1 c6 24. Bc1 h6 25. Kh1 Kh7 26. Qc4 Rb8 27.
Qe2 Qc5 28. Rg1 Rb7 29. Bb3 Qc3 30. Rd1 Qf6 31. Re1 Qc3 32. Rg1 Rxb3 33. Qxe6
Qd3 34. Qg6+ 1-0

[Event "Master Tournament (MTO)"]
[Site "Biel/Bienne"]
[Date "2018.07.23"]
[Round "1.5"]
[White "Romanov, Evgeny"]
[Black "Vantika, Agrawal"]
[Result "1-0"]
[WhiteElo "2636"]
[BlackElo "2295"]
[PlyCount "81"]
[EventDate "2018.07.23"]

1. c4 g6 2. e4 d6 3. d4 Nf6 4. Nc3 Bg7 5. Be2 O-O 6. Be3 Na6 7. Nf3 e5 8. d5
Ng4 9. Bg5 f6 10. Bh4 h5 11. Nd2 Nh6 12. h3 Nf7 13. a3 c5 14. f3 Bh6 15. Bf2
Kg7 16. Bd3 Rh8 17. h4 f5 18. exf5 gxf5 19. Nf1 Qf6 20. Ng3 Bf4 21. Nce2 Bxg3
22. Nxg3 Bd7 23. Qc2 e4 24. fxe4 fxe4 25. Nf1 Nc7 26. Nd2 b5 27. Nf3 Rab8 28.
Rb1 bxc4 29. Bxc4 a5 30. O-O Kh6 31. Be1 a4 32. Bc3 Ne5 33. Nxe5 dxe5 34. Rf4
Qg7 35. Rbf1 Rhf8 36. Rxf8 Rxf8 37. Rxf8 Qxf8 38. Bxe5 Ne8 39. Qf2 Qe7 40. Qf4+
Kg6 41. d6 1-0

[Event "Master Tournament (MTO)"]
[Site "Biel/Bienne"]
[Date "2018.07.23"]
[Round "1.6"]
[White "Kamber, Bruno"]
[Black "Antipov, Mikhail Al"]
[Result "*"]
[WhiteElo "2284"]
[BlackElo "2626"]
[Annotator "Domenique"]
[PlyCount "37"]
[EventDate "2018.07.23"]

1. e4 {Partieformular unlesbar} e6 2. d4 d5 3. Nd2 h6 4. Ngf3 Nf6 5. Bd3 c5 6.
e5 Nfd7 7. c3 Nc6 8. O-O g5 9. b3 g4 10. Ne1 cxd4 11. cxd4 Nxd4 12. Bb2 Nc6 13.
Qxg4 Ndxe5 14. Qe2 d4 15. f4 Nxd3 16. Nxd3 Be7 17. Nf3 Qd5 18. Rad1 Bd7 19.
Nfe5 *

[Event "Master Tournament (MTO)"]
[Site "Biel/Bienne"]
[Date "2018.07.23"]
[Round "1.7"]
[White "Karthikeyan, Murali"]
[Black "Masse, Hugues"]
[Result "1-0"]
[WhiteElo "2609"]
[BlackElo "2149"]
[PlyCount "51"]
[EventDate "2018.07.23"]

1. e4 e5 2. Nf3 Nc6 3. Bb5 a6 4. Ba4 Nf6 5. d3 b5 6. Bb3 Bc5 7. Nc3 d6 8. Nd5
h6 9. c3 O-O 10. Nxf6+ Qxf6 11. Bd5 Bd7 12. Rg1 h5 13. h3 Rae8 14. Bg5 Qg6 15.
Qd2 Ne7 16. Nh4 Qh7 17. Bxe7 Rxe7 18. Qg5 Rfe8 19. Nf5 Bxf5 20. exf5 Kf8 21. g4
h4 22. Qh5 Kg8 23. Qxh7+ Kxh7 24. g5 Rc8 25. Rg4 c6 26. Bxf7 1-0

[Event "Master Tournament (MTO)"]
[Site "Biel/Bienne"]
[Date "2018.07.23"]
[Round "1.8"]
[White "Lederer, Yoav"]
[Black "Bartel, Mateusz"]
[Result "*"]
[WhiteElo "2270"]
[BlackElo "2604"]
[Annotator "Domenique"]
[PlyCount "44"]
[EventDate "2018.07.23"]

{Partieformula unlesbar} 1. d4 Nf6 2. Nf3 b6 3. Bf4 Bb7 4. e3 Nh5 5. Bg5 h6 6.
Bh4 g5 7. Nfd2 Nf4 8. exf4 gxh4 9. Nf3 e6 10. Nbd2 Qf6 11. g3 c5 12. dxc5 Qxb2
13. cxb6 Bb4 14. Rb1 Bxd2+ 15. Nxd2 Qd4 16. bxa7 Rxa7 17. Rg1 Ke7 18. Qh5 Nc6
19. Qxh4+ f6 20. f5 Qe5+ 21. Kd1 Qxf5 22. Bd3 Qg5 *

[Event "Master Tournament (MTO)"]
[Site "Biel/Bienne"]
[Date "2018.07.23"]
[Round "1.9"]
[White "Donchenko, Alexander"]
[Black "Schaerer, Julian"]
[Result "1-0"]
[WhiteElo "2588"]
[BlackElo "2263"]
[PlyCount "119"]
[EventDate "2018.07.23"]

1. d4 d5 2. c4 c6 3. Nf3 Nf6 4. Qc2 dxc4 5. Qxc4 Bf5 6. g3 e6 7. Bg2 Be7 8. O-O
O-O 9. Nc3 Nbd7 10. Re1 Bg6 11. e4 b5 12. Qd3 Rc8 13. Nh4 b4 14. Nxg6 hxg6 15.
Ne2 Qa5 16. Bd2 Rfd8 17. a3 Qb6 18. axb4 Bxb4 19. Bc3 c5 20. Qa6 Rc7 21. e5 Ne8
22. d5 exd5 23. Qxb6 Nxb6 24. Bxb4 cxb4 25. Nd4 Rc4 26. Red1 Rd7 27. Bf1 Rc5
28. Bb5 Re7 29. f4 Kf8 30. Bd3 Nc4 31. Rdc1 Rec7 32. Bxg6 Nxb2 33. Rcb1 Rc4 34.
Nb5 Rb7 35. Rxa7 Rxa7 36. Nxa7 fxg6 37. Rxb2 Nc7 38. Nc8 Nb5 39. Nb6 Rd4 40.
Kf2 Ke7 41. Rxb4 Rxb4 42. Nxd5+ Ke6 43. Nxb4 g5 44. Kf3 gxf4 45. gxf4 Kf5 46.
Nc2 g6 47. h4 Ke6 48. Kg4 Nc7 49. Kg5 Kf7 50. Nd4 Nd5 51. e6+ Kg7 52. f5 gxf5
53. Nxf5+ Kf8 54. h5 Kg8 55. h6 Nc7 56. e7 Ne6+ 57. Kg6 Nc7 58. h7+ Kh8 59. Nh6
Ne8 60. Nf7# 1-0

[Event "Master Tournament (MTO)"]
[Site "Biel/Bienne"]
[Date "2018.07.23"]
[Round "1.10"]
[White "Yuan, Yuanling"]
[Black "Indjic, Aleksandar"]
[Result "1/2-1/2"]
[WhiteElo "2247"]
[BlackElo "2599"]
[PlyCount "162"]
[EventDate "2018.07.23"]

1. e4 g6 2. d4 Bg7 3. Nc3 d6 4. f4 Nf6 5. Nf3 O-O 6. Be3 a6 7. Qd2 b5 8. a3 Bb7
9. e5 Ng4 10. Bg1 c5 11. e6 fxe6 12. dxc5 e5 13. h3 Nh6 14. fxe5 dxc5 15. Qxd8
Rxd8 16. Bxc5 Nd7 17. Bxe7 Re8 18. Bd6 Nxe5 19. Nxe5 Bxe5 20. O-O-O Bxd6 21.
Rxd6 Nf5 22. Rd3 Ne3 23. Rg1 Re7 24. g3 Rf8 25. Be2 Rf2 26. Bd1 Nf1 27. Nd5 Re1
28. b3 Rf5 29. Nc3 a5 30. b4 axb4 31. axb4 Re7 32. Be2 Ne3 33. Rd8+ Kg7 34. Bd3
Rf3 35. Nxb5 Nd5 36. Nd4 Rf2 37. b5 Nb4 38. Bc4 Be4 39. Bb3 Kh6 40. Re1 Ra7 41.
Kb1 Re7 42. b6 Nd3 43. Rd1 Nc5 44. Rc8 Nxb3 45. Nxb3 Rf6 46. Rc7 Rxc7 47. bxc7
Rc6 48. Nd4 Rxc7 49. Kb2 Kh5 50. Re1 Bg2 51. Re5+ g5 52. h4 h6 53. hxg5 hxg5
54. Ne6 Rb7+ 55. Kc1 Kg6 56. Nxg5 Kf6 57. Re2 Bh1 58. Ne4+ Kg6 59. Nf2 Bd5 60.
Nd3 Kf6 61. Nf4 Bf7 62. Kd2 Kf5 63. Nd3 Ba2 64. Re3 Rc7 65. c3 Bg8 66. Nf2 Bd5
67. Rd3 Bg2 68. Rd4 Rg7 69. g4+ Kg5 70. c4 Kh4 71. Nd1 Bf3 72. Ne3 Ra7 73. Rd8
Ra3 74. Rh8+ Kg5 75. Rh5+ Kf4 76. Rf5+ Ke4 77. Nd5 Kd4 78. Rf4+ Ke5 79. Rf5+
Kd4 80. Rf4+ Ke5 81. Rf5+ Kd4 1/2-1/2

[Event "Master Tournament (MTO)"]
[Site "Biel/Bienne"]
[Date "2018.07.23"]
[Round "1.11"]
[White "Aravindh, Chithambaram Vr"]
[Black "Abhilash, Reddy M.L"]
[Result "1/2-1/2"]
[WhiteElo "2580"]
[BlackElo "2247"]
[PlyCount "97"]
[EventDate "2018.07.23"]

1. Nf3 d5 2. g3 Nf6 3. Bg2 e6 4. O-O Be7 5. c4 O-O 6. d4 c6 7. Nbd2 b6 8. Ne5
Bb7 9. e4 Nbd7 10. Nxd7 Qxd7 11. e5 Ne8 12. cxd5 cxd5 13. f4 f5 14. Rf2 Ba6 15.
Nf1 g6 16. Ne3 Rc8 17. Bf3 Ng7 18. h3 Rc7 19. Bd2 Rfc8 20. Be1 Kh8 21. g4 Rf8
22. Ng2 Bc4 23. g5 Qb5 24. h4 Bd3 25. h5 gxh5 26. a4 Qc4 27. Bc3 Be4 28. Be2
Qc6 29. Ne3 Qe8 30. Qd2 h6 31. gxh6 Qg6+ 32. Kh2 Bh4 33. Rg1 Qxh6 34. Rff1 Ne8
35. Bb5 Rg7 36. Rxg7 Qxg7 37. Rg1 Qh6 38. Nd1 Nc7 39. Kh3 Bd8 40. Be2 Rg8 41.
Rxg8+ Kxg8 42. Qe3 Qg6 43. Qg3 Qxg3+ 44. Kxg3 h4+ 45. Kh3 Bc2 46. a5 Bxd1 47.
Bxd1 Nb5 48. Be2 Nxc3 49. bxc3 1/2-1/2

[Event "Master Tournament (MTO)"]
[Site "Biel/Bienne"]
[Date "2018.07.23"]
[Round "1.12"]
[White "Fecker, Noah"]
[Black "Baklan, Vladimir"]
[Result "*"]
[WhiteElo "2237"]
[BlackElo "2595"]
[Annotator "Domenique"]
[PlyCount "22"]
[EventDate "2018.07.23"]

{Partieformular unlesbar} 1. e4 c5 2. Nf3 Nc6 3. d4 cxd4 4. Nxd4 Nf6 5. Nc3 d6
6. Bg5 e6 7. Qd2 a6 8. O-O-O Bd7 9. f4 Be7 10. Kb1 b5 11. Bxf6 Bxf6 *

[Event "Master Tournament (MTO)"]
[Site "Biel/Bienne"]
[Date "2018.07.23"]
[Round "1.13"]
[White "Dragun, Kamil"]
[Black "Stijve, Theo"]
[Result "1-0"]
[WhiteElo "2594"]
[BlackElo "2226"]
[PlyCount "83"]
[EventDate "2018.07.23"]

1. e4 c5 2. Nf3 Nc6 3. Nc3 e6 4. d4 cxd4 5. Nxd4 Qc7 6. g3 a6 7. Bg2 Nf6 8. O-O
h5 9. Nf3 Bc5 10. Bf4 d6 11. Qd2 Ne5 12. Bxe5 dxe5 13. Qg5 O-O 14. Qxe5 Qxe5
15. Nxe5 Bd4 16. Nd3 Bxc3 17. bxc3 b5 18. e5 Nd5 19. Bxd5 exd5 20. Nf4 Re8 21.
Rfe1 Bf5 22. Nxd5 Rac8 23. Re3 Rc5 24. Rd1 Kf8 25. Rd4 a5 26. a3 Bxc2 27. Nb6
Rc6 28. Rd6 Rxd6 29. exd6 Rd8 30. d7 f6 31. Re2 Bb3 32. a4 bxa4 33. c4 a3 34.
c5 a2 35. Re1 Bd5 36. Nxd5 Rxd7 37. Nc3 Rd2 38. Ra1 Rc2 39. Nxa2 Rxc5 40. Nc1
a4 41. Nd3 Rc3 42. Nf4 1-0

[Event "Master Tournament (MTO)"]
[Site "Biel/Bienne"]
[Date "2018.07.23"]
[Round "1.14"]
[White "Vignesh, B."]
[Black "Krejci, Jan"]
[Result "1/2-1/2"]
[WhiteElo "2231"]
[BlackElo "2578"]
[PlyCount "82"]
[EventDate "2018.07.23"]

1. e4 e5 2. Nf3 Nc6 3. Bc4 Nf6 4. d3 Be7 5. c3 O-O 6. Bb3 d5 7. Nbd2 Bg4 8. h3
Bh5 9. g4 Bg6 10. Nh4 Na5 11. Nxg6 hxg6 12. Bc2 c5 13. Nf3 c4 14. Bg5 Qb6 15.
d4 exd4 16. e5 d3 17. exf6 dxc2 18. Qxc2 Bxf6 19. Be3 Qd6 20. g5 Be5 21. Nxe5
Qxe5 22. h4 Nc6 23. O-O-O Rad8 24. h5 Qe4 25. Qxe4 dxe4 26. hxg6 fxg6 27. Rxd8
Rxd8 28. Rh4 Re8 29. Bd4 Nxd4 30. cxd4 e3 31. fxe3 Rxe3 32. d5 b5 33. Rd4 Kf7
34. d6 Rd3 35. Rxd3 cxd3 36. Kd2 Ke6 37. Kxd3 Kxd6 38. Ke4 b4 39. Kd4 Ke6 40.
Ke4 a6 41. a4 bxa3 1/2-1/2

[Event "Master Tournament (MTO)"]
[Site "Biel/Bienne"]
[Date "2018.07.23"]
[Round "1.15"]
[White "Kovchan, Alexander"]
[Black "Ryba, Andrew"]
[Result "1-0"]
[WhiteElo "2572"]
[BlackElo "2230"]
[PlyCount "97"]
[EventDate "2018.07.23"]

1. c4 Nf6 2. Nf3 c6 3. Nc3 d5 4. e3 g6 5. d4 Bg7 6. Bd3 Bg4 7. O-O O-O 8. h3
Bxf3 9. Qxf3 e6 10. b3 Qe7 11. Bb2 Rd8 12. Rfd1 Nbd7 13. Rac1 Rac8 14. Qe2 a6
15. Qe1 Qb4 16. Bf1 dxc4 17. Bxc4 b5 18. Be2 c5 19. Bf3 c4 20. Bb7 Rb8 21. Bxa6
cxb3 22. axb3 Rb6 23. Ra1 Qxb3 24. Rdb1 Rdb8 25. e4 Ne8 26. Bc1 Qc4 27. Bf4
Bxd4 28. Rc1 Qb4 29. Bxb8 Nxb8 30. Rab1 Qa5 31. Bxb5 Nd6 32. Bd3 Nc6 33. Ne2
Rxb1 34. Bxb1 Qb6 35. Rxc6 Bxf2+ 36. Qxf2 Qxc6 37. Qd4 Nb5 38. Qe3 Qd6 39. Bd3
Nc7 40. Qd4 Qc6 41. Kh2 Kf8 42. Ng1 Qc1 43. Qd6+ Kg7 44. Nf3 Ne8 45. Qd4+ Kf8
46. e5 Kg7 47. Kg3 h6 48. Bc4 Nc7 49. Qf4 1-0

[Event "Master Tournament (MTO)"]
[Site "Biel/Bienne"]
[Date "2018.07.23"]
[Round "1.16"]
[White "Hugentobler, Patrik"]
[Black "Michalik, Peter"]
[Result "0-1"]
[WhiteElo "2210"]
[BlackElo "2562"]
[PlyCount "56"]
[EventDate "2018.07.23"]

1. e4 c5 2. Nc3 Nc6 3. Bb5 e6 4. f4 Nge7 5. Nf3 a6 6. Bxc6 Nxc6 7. O-O d5 8. e5
d4 9. Ne4 Be7 10. d3 b5 11. a4 Bb7 12. Bd2 Qd5 13. axb5 axb5 14. Rxa8+ Bxa8 15.
Qa1 Bb7 16. Ba5 f5 17. exf6 gxf6 18. Be1 f5 19. Ned2 Bd6 20. Bg3 Ne7 21. Qc1
Rg8 22. c4 dxc3 23. Qxc3 Ng6 24. Qb3 Qxb3 25. Nxb3 Bd5 26. Nfd2 h5 27. d4 c4
28. Nc5 h4 0-1

[Event "Master Tournament (MTO)"]
[Site "Biel/Bienne"]
[Date "2018.07.23"]
[Round "1.17"]
[White "Moussard, Jules"]
[Black "Georgescu, Lena"]
[Result "1-0"]
[WhiteElo "2559"]
[BlackElo "2218"]
[PlyCount "73"]
[EventDate "2018.07.23"]

1. e4 c5 2. Nf3 Nc6 3. Nc3 e5 4. Bc4 d6 5. d3 Be7 6. O-O Nf6 7. Ng5 O-O 8. f4
h6 9. Nf3 exf4 10. Bxf4 Be6 11. Nd5 Nb4 12. Nxb4 cxb4 13. Bxe6 fxe6 14. Qd2 a5
15. Kh1 Rc8 16. a3 d5 17. e5 Nh7 18. axb4 axb4 19. Rf2 d4 20. h3 Qd5 21. Re1
Ng5 22. Bxg5 Bxg5 23. Nxg5 Rxf2 24. Qxf2 hxg5 25. Re4 Rd8 26. Qd2 b3 27. cxb3
Qxb3 28. Qxg5 Rf8 29. Rg4 Rf7 30. Rxd4 Qxb2 31. Rd8+ Rf8 32. Rd7 Rf7 33. Qd8+
Rf8 34. Qc7 Kh8 35. Rxg7 Qb1+ 36. Kh2 Qxd3 37. Qe7 1-0

[Event "Master Tournament (MTO)"]
[Site "Biel/Bienne"]
[Date "2018.07.23"]
[Round "1.18"]
[White "Gikas, Andreas Basilius"]
[Black "Wagner, Dennis"]
[Result "0-1"]
[WhiteElo "2207"]
[BlackElo "2558"]
[PlyCount "66"]
[EventDate "2018.07.23"]

1. e4 e5 2. Nf3 Nc6 3. Bc4 Bc5 4. c3 Nf6 5. d4 exd4 6. e5 d5 7. Bb5 Ne4 8. cxd4
Bb6 9. h3 O-O 10. O-O f6 11. Bxc6 bxc6 12. Be3 f5 13. Qc1 Bd7 14. Nc3 h6 15.
Ne2 g5 16. Nh2 f4 17. f3 Nd6 18. Bf2 Nf5 19. Ng4 h5 20. e6 hxg4 21. hxg4 Bxe6
22. gxf5 Bxf5 23. Qxc6 Rf6 24. Qc3 Qe7 25. Rfe1 Qh7 26. Kf1 Bd3 27. Rad1 Bc4
28. b3 Ba6 29. Bg1 Re8 30. Rd2 Qh1 31. Qc1 g4 32. Kf2 Qh4+ 33. g3 fxg3+ 0-1

[Event "Master Tournament (MTO)"]
[Site "Biel/Bienne"]
[Date "2018.07.23"]
[Round "1.19"]
[White "Vaibhav, Suri"]
[Black "Arne, Mike"]
[Result "1-0"]
[WhiteElo "2556"]
[BlackElo "2162"]
[PlyCount "71"]
[EventDate "2018.07.23"]

1. e4 e5 2. Nf3 Nc6 3. Bb5 Nf6 4. d3 d6 5. c3 a6 6. Ba4 g6 7. O-O Bg7 8. Re1
O-O 9. h3 b5 10. Bc2 Nb8 11. d4 Nbd7 12. b3 Bb7 13. d5 Nb6 14. Ba3 Qd7 15. Nbd2
Rfe8 16. Nf1 Rad8 17. Bb4 Ra8 18. Ba5 Nc8 19. c4 c5 20. Ne3 Ne7 21. b4 cxb4 22.
Rb1 Rec8 23. Rxb4 Rab8 24. Qe2 Nxe4 25. Bxe4 f5 26. Bc2 e4 27. Ng5 Bc3 28. Rxb5
Bxe1 29. Rxb7 Rxb7 30. Qxe1 h6 31. Ne6 Kh7 32. Qa1 Rg8 33. Qd4 Nc8 34. Bc3 Qf7
35. f3 exf3 36. Qh4 1-0

[Event "Master Tournament (MTO)"]
[Site "Biel/Bienne"]
[Date "2018.07.23"]
[Round "1.20"]
[White "Giacomini, Hector"]
[Black "Lampert, Jonas"]
[Result "0-1"]
[WhiteElo "2196"]
[BlackElo "2546"]
[PlyCount "122"]
[EventDate "2018.07.23"]

1. Nf3 d5 2. e3 Nf6 3. c4 e6 4. Nc3 Be7 5. d4 O-O 6. b3 b6 7. Bd3 dxc4 8. bxc4
Bb7 9. O-O c5 10. Bb2 cxd4 11. exd4 Nc6 12. Rc1 Rc8 13. a3 Qd6 14. Qe2 Rfd8 15.
Rfd1 Na5 16. Nb5 Bxf3 17. Qxf3 Qb8 18. d5 exd5 19. Bxf6 Bxf6 20. Qf5 Kf8 21.
cxd5 a6 22. Rxc8 Qxc8 23. Qxc8 Rxc8 24. Nd6 Rd8 25. Nc4 Rxd5 26. Ne3 Rd4 27.
Bxa6 Ra4 28. Nd5 Nb3 29. Bb5 Rxa3 30. Nxb6 Bd4 31. Nc4 Ra2 32. Ne3 Nd2 33. Bd3
Bb6 34. Nd5 Ba7 35. Nc3 Bxf2+ 36. Kxf2 Ne4+ 37. Kf3 Nxc3 38. Rc1 Nd5 39. Bc4
Ra3+ 40. Kf2 Nf6 41. h3 h5 42. Re1 Rc3 43. Bb5 g6 44. Re3 Rc2+ 45. Re2 Rc5 46.
Bd3 Nd5 47. Rc2 Nb4 48. Rd2 Rd5 49. Ke3 Rxd3+ 50. Rxd3 Nxd3 51. Kxd3 h4 52. Ke4
f6 53. Kf4 Kg7 54. Kg4 g5 55. g3 hxg3 56. Kxg3 Kg6 57. Kg4 f5+ 58. Kf3 Kh5 59.
Kg3 f4+ 60. Kf3 Kh4 61. Kg2 f3+ 0-1

[Event "Master Tournament (MTO)"]
[Site "Biel/Bienne"]
[Date "2018.07.24"]
[Round "2.1"]
[White "Iniyan, P."]
[Black "Eljanov, Pavel"]
[Result "1/2-1/2"]
[WhiteElo "2451"]
[BlackElo "2706"]
[PlyCount "58"]
[EventDate "2018.07.23"]

1. d4 d5 2. c4 c6 3. Nf3 Nf6 4. Nc3 e6 5. Bg5 h6 6. Bxf6 Qxf6 7. g3 Nd7 8. Bg2
Qd8 9. O-O Be7 10. c5 b6 11. b4 a5 12. a3 Ba6 13. Re1 O-O 14. e4 dxe4 15. Nxe4
Bc4 16. Qc2 b5 17. Nc3 Bf6 18. Nd2 axb4 19. axb4 Bd5 20. Qd3 Bxg2 21. Kxg2 Qe7
22. Nb3 Rfd8 23. Qe4 Rxa1 24. Rxa1 Nb8 25. f4 Qe8 26. Ra8 Qd7 27. Ra2 Qc8 28.
Ra8 Qb7 29. Ra2 Qc8 1/2-1/2

[Event "Master Tournament (MTO)"]
[Site "Biel/Bienne"]
[Date "2018.07.24"]
[Round "2.2"]
[White "Iturrizaga Bonelli, Eduardo"]
[Black "Bellaiche, Anthony"]
[Result "1-0"]
[WhiteElo "2652"]
[BlackElo "2459"]
[PlyCount "59"]
[EventDate "2018.07.23"]

1. d4 d5 2. Nf3 Nf6 3. c4 e6 4. Nc3 c5 5. e3 a6 6. cxd5 exd5 7. g3 Nc6 8. Bg2
Bg4 9. h3 Bh5 10. g4 Bg6 11. Ne5 cxd4 12. exd4 Bd6 13. O-O O-O 14. Nxg6 hxg6
15. Bg5 Be7 16. Re1 Qb6 17. Bxd5 Qxb2 18. Bxc6 bxc6 19. Rxe7 Qxc3 20. Re3 Qa5
21. Bxf6 gxf6 22. Qf3 Qd8 23. Rc1 Qxd4 24. Rxc6 Qa1+ 25. Kg2 Qxa2 26. Ra3 Qb2
27. Rxf6 a5 28. Rb3 Qc2 29. Rb7 Qa2 30. Qc6 1-0

[Event "Master Tournament (MTO)"]
[Site "Biel/Bienne"]
[Date "2018.07.24"]
[Round "2.3"]
[White "Akash Pc, Iyer"]
[Black "Salem, A.R. Saleh"]
[Result "0-1"]
[WhiteElo "2442"]
[BlackElo "2642"]
[PlyCount "92"]
[EventDate "2018.07.23"]

1. c4 c5 2. Nc3 g6 3. Nf3 Bg7 4. g3 Nc6 5. Bg2 d6 6. d3 e6 7. Bg5 Nge7 8. O-O
h6 9. Bd2 b6 10. a3 Bb7 11. Rb1 Qd7 12. b4 Rb8 13. Qc1 g5 14. h3 Ng6 15. e4 O-O
16. b5 Nd4 17. Nxd4 cxd4 18. Na2 f5 19. Nb4 fxe4 20. Nc6 exd3 21. Nxb8 Rxb8 22.
Bxb7 Qxb7 23. f4 Rf8 24. Qd1 Rf6 25. Qg4 gxf4 26. Bxf4 Nxf4 27. Rxf4 Rxf4 28.
Qxf4 e5 29. Qf5 e4 30. Qe6+ Kh8 31. Rf1 d2 32. h4 Qa8 33. g4 e3 34. g5 Qg8 35.
Qe4 Qxc4 36. Qe8+ Qg8 37. Qe4 d5 38. Qe7 Qc8 39. Kh2 Qg4 40. Rf8+ Kh7 41. Qf7
Qxh4+ 42. Kg2 Qxg5+ 43. Kh3 h5 44. Qg8+ Kh6 45. Re8 Qg4+ 46. Kh2 Be5+ 0-1

[Event "Master Tournament (MTO)"]
[Site "Biel/Bienne"]
[Date "2018.07.24"]
[Round "2.4"]
[White "Gordievsky, Dmitry"]
[Black "Kaczmarczyk, Dennis"]
[Result "0-1"]
[WhiteElo "2638"]
[BlackElo "2444"]
[PlyCount "92"]
[EventDate "2018.07.23"]

1. d4 d5 2. Bf4 Nf6 3. e3 e6 4. Nd2 Bd6 5. Bg3 O-O 6. Bd3 c5 7. c3 Qc7 8. dxc5
Qxc5 9. Ngf3 Bxg3 10. hxg3 Nbd7 11. g4 g6 12. g5 Ng4 13. Nd4 Nge5 14. Bc2 Qb6
15. f4 Nc6 16. N2b3 Re8 17. Qg4 Nf8 18. Qh4 e5 19. fxe5 Nxe5 20. O-O-O Nc4 21.
e4 a5 22. a4 dxe4 23. Bxe4 Bd7 24. Bd3 Ne3 25. Rde1 Nxg2 26. Rxe8 Rxe8 27. Qf2
Ne3 28. Nd2 Bc6 29. Rg1 Bd5 30. Bb5 Bc6 31. Nc4 Nxc4 32. Bxc4 Qc7 33. Rf1 Re7
34. Nxc6 bxc6 35. Qf6 Ne6 36. Kb1 Nc5 37. Rd1 Re8 38. Rf1 Re7 39. Rd1 Re8 40.
Rd6 Ne4 41. Rxc6 Qd7 42. Qxf7+ Qxf7 43. Bxf7+ Kxf7 44. Ra6 Nxg5 45. Rxa5 Ne4
46. Rd5 h5 0-1

[Event "Master Tournament (MTO)"]
[Site "Biel/Bienne"]
[Date "2018.07.24"]
[Round "2.5"]
[White "Prithu, Gupta"]
[Black "Romanov, Evgeny"]
[Result "1-0"]
[WhiteElo "2436"]
[BlackElo "2636"]
[Annotator "Doe,John"]
[PlyCount "93"]
[EventDate "2018.07.23"]

1. e4 e5 2. Nf3 Nc6 3. Bb5 g6 4. d4 exd4 5. Bg5 Be7 6. Bxe7 Qxe7 7. Bxc6 dxc6
8. Qxd4 Nf6 9. O-O c5 10. Qe3 Bg4 11. Nc3 O-O-O 12. Nd2 Be6 13. f3 b6 14. Rfd1
Nd7 15. f4 Nb8 16. e5 Nc6 17. Qf3 Kb7 18. Nb3 a5 19. Ne4 a4 20. Nexc5+ bxc5 21.
Na5+ Kb6 22. Nxc6 Rxd1+ 23. Rxd1 Qe8 24. Rd8 Qxd8 25. Nxd8 Rxd8 26. b3 axb3 27.
axb3 h5 28. Qe3 Kb5 29. Qe4 c6 30. Qa4+ Kb6 31. b4 Rd1+ 32. Kf2 c4 33. Qa8 Rd7
34. Qb8+ Ka6 35. Ke3 Bf5 36. Qa8+ Kb6 37. Qa5+ Kb7 38. b5 cxb5 39. Qxb5+ Kc8
40. Qxc4+ Kd8 41. Qb4 Ke8 42. c4 Be6 43. c5 Bd5 44. Qb6 Rb7 45. Qa6 Bxg2 46. c6
Rb3+ 47. Kd2 1-0

[Event "Master Tournament (MTO)"]
[Site "Biel/Bienne"]
[Date "2018.07.24"]
[Round "2.6"]
[White "Antipov, Mikhail Al"]
[Black "Ikeda, Junta"]
[Result "1/2-1/2"]
[WhiteElo "2626"]
[BlackElo "2437"]
[PlyCount "73"]
[EventDate "2018.07.23"]

1. e4 c5 2. Nf3 e6 3. d4 cxd4 4. Nxd4 a6 5. Bd3 Bc5 6. Nb3 Be7 7. Qg4 g6 8. Qe2
d6 9. O-O Nd7 10. Nc3 Qc7 11. f4 Ngf6 12. Bd2 b5 13. Rae1 b4 14. Nd1 d5 15. e5
Ne4 16. Bxe4 dxe4 17. c4 a5 18. Nf2 Ba6 19. Rc1 O-O 20. Nd4 Nc5 21. Be3 Rfd8
22. Rfd1 a4 23. Qc2 Bb7 24. Rd2 Qb6 25. b3 axb3 26. axb3 Qa5 27. Rcd1 Rd7 28.
Nb5 Rxd2 29. Rxd2 Qa1+ 30. Rd1 Qa2 31. Qxa2 Rxa2 32. Nd6 Bxd6 33. exd6 Nd7 34.
c5 g5 35. Kf1 Ba6+ 36. Kg1 Bb7 37. Kf1 1/2-1/2

[Event "Master Tournament (MTO)"]
[Site "Biel/Bienne"]
[Date "2018.07.24"]
[Round "2.7"]
[White "Gaehwiler, Gabriel"]
[Black "Karthikeyan, Murali"]
[Result "1/2-1/2"]
[WhiteElo "2419"]
[BlackElo "2609"]
[PlyCount "37"]
[EventDate "2018.07.23"]

1. e4 c5 2. Nf3 e6 3. d4 cxd4 4. Nxd4 Nc6 5. Nc3 Qc7 6. Be3 Nf6 7. f4 d6 8. Qf3
a6 9. O-O-O Be7 10. g4 Nxd4 11. Rxd4 e5 12. Rc4 Bxg4 13. Qg3 exf4 14. Bxf4 Qa5
15. Ra4 Qc5 16. Rc4 Qa5 17. Ra4 Qc5 18. Rc4 Qa5 19. Ra4 1/2-1/2

[Event "Master Tournament (MTO)"]
[Site "Biel/Bienne"]
[Date "2018.07.24"]
[Round "2.8"]
[White "Bartel, Mateusz"]
[Black "Nezad, Husein Aziz"]
[Result "1-0"]
[WhiteElo "2604"]
[BlackElo "2425"]
[PlyCount "59"]
[EventDate "2018.07.23"]

1. e4 e5 2. Nf3 Nc6 3. Bb5 a6 4. Ba4 Nf6 5. Nc3 b5 6. Bb3 Bc5 7. d3 d6 8. Nd5
Na5 9. Bg5 Nxb3 10. axb3 c6 11. Bxf6 gxf6 12. Ne3 d5 13. exd5 cxd5 14. d4 Bb6
15. O-O Be6 16. c3 Rg8 17. Qe2 Kf8 18. Rad1 Qd6 19. g3 Re8 20. Rfe1 h5 21. Nh4
Bg4 22. Qd2 Rg5 23. dxe5 Rexe5 24. Ra1 Bc8 25. Nc2 Rg4 26. Nd4 Rxh4 27. Qh6+
Ke7 28. gxh4 Re4 29. Rxe4+ dxe4 30. Rxa6 1-0

[Event "Master Tournament (MTO)"]
[Site "Biel/Bienne"]
[Date "2018.07.24"]
[Round "2.9"]
[White "Radovanovic, Mihajlo"]
[Black "Donchenko, Alexander"]
[Result "1/2-1/2"]
[WhiteElo "2402"]
[BlackElo "2588"]
[PlyCount "50"]
[EventDate "2018.07.23"]

1. Nf3 c5 2. g3 g6 3. Bg2 Bg7 4. O-O Nc6 5. e4 d6 6. d3 Nf6 7. Nc3 O-O 8. h3
Rb8 9. a4 a6 10. Be3 b5 11. axb5 axb5 12. Qd2 b4 13. Ne2 d5 14. Bxc5 dxe4 15.
Nfd4 Nxd4 16. Nxd4 Qc7 17. Bxb4 e3 18. fxe3 Bxh3 19. Bxh3 Qxg3+ 20. Bg2 Rxb4
21. Qxb4 Qxe3+ 22. Kh1 Qh6+ 23. Kg1 Qe3+ 24. Kh1 Qh6+ 25. Kg1 Qe3+ 1/2-1/2